000 00605nam a2200193Ia 4500
999 _c36875
_d36875
003 OSt
005 20210127112938.0
008 190216s9999||||xx |||||||||||||| ||und||
020 _a9780070619937
040 _coclc
082 _a153.94
_bSHA/H
100 _aSharma, Arun
_98357
245 0 _aHow to Prepare For Quantitative Aptitude For The Cat Common Admission Test /
_cArun Sharma
250 _a2nd Ed.
260 _bTata Mcgraw Hill Publishing Company Ltd,
_c2008.
_aNew Delhi:
300 _a522p
650 _aReferences
942 _cREF
_2ddc
_h153.94
_iSHA/H
_k153.94
_mSHA/H